Entry Nombre personal
001 - NÚMERO DE CONTROL
- campo de control: 34868
003 - IDENTIFICADOR DE NÚMERO DE CONTROL
- campo de control: OSt
005 - FECHA Y HORA DE LA ÚLTIMA TRANSACCIÓN
- campo de control: 20251009165659.0
008 - ELEMENTOS DE DATO DE LONGITUD-FIJA
- campo de control de longitud fija: 961202 n acnnnaaan n ann d
040 ## - FUENTE DE CATALOGACIÓN
- Centro catalogador/agencia de origen: OSt
- Centro/agencia transcriptor: OSt
100 1# - ENCABEZAMIENTO-NOMBRE DE PERSONA
- Nombre de persona: Capmany y de Montpalau, Antonio de,
- Fechas asociadas al nombre: 1742-1813
400 1# - TRAZADO DE VÉASE--NOMBRE DE PERSONA
- Nombre de persona: Capmany de Montpalau, Antonio de (
- Fechas asociadas al nombre: 1742-1813)
400 1# - TRAZADO DE VÉASE--NOMBRE DE PERSONA
- Nombre de persona: Capmany Surís y de Montpalau, Antonio (
- Fechas asociadas al nombre: 1742-1813)
400 1# - TRAZADO DE VÉASE--NOMBRE DE PERSONA
- Nombre de persona: Capmany, Antonio de (
- Fechas asociadas al nombre: 1742-1813)
